| 000 | 00442nam a22001697a 4500 | ||
|---|---|---|---|
| 003 | OSt | ||
| 005 | 20170105103443.0 | ||
| 008 | 120507t xxu||||| |||| 00| 0 eng d | ||
| 020 | _a0306462176 | ||
| 040 | _cASAB | ||
| 100 |
_aKlaus Gundertofte _9263 |
||
| 245 |
_aMolecular Modeling and Prediction of Bioactivity _cKlaus Gundertofte |
||
| 260 |
_aNew York _bKluwer Academic |
||
| 300 | _a495 | ||
| 650 |
_aBiomolecules _9262 |
||
| 942 |
_2lcc _cBK |
||
| 999 |
_c16534 _d16534 |
||